| 000 | 00373pab a2200133 454500 | ||
|---|---|---|---|
| 008 | 180718b2005 xxu||||| |||| 00| 0 eng d | ||
| 245 | _aSPECIAL issue on the politics of naming: rebels, terrorists, criminals, bandits and subversives | ||
| 260 | _c2005 | ||
| 300 | _ap.5-213. | ||
| 650 | _aCrime | ||
| 650 | _aTerrorism | ||
| 773 | _aThird World Quarterly | ||
| 909 | _a65307 | ||
| 999 |
_c65307 _d65307 |
||